<?xml version="1.0" encoding="UTF-8"?>
<record
    xmlns:xsi="http://www.w3.org/2001/XMLSchema-instance"
    xsi:schemaLocation="http://www.loc.gov/MARC21/slim http://www.loc.gov/standards/marcxml/schema/MARC21slim.xsd"
    xmlns="http://www.loc.gov/MARC21/slim">

  <leader>00726    a2200241   4500</leader>
  <controlfield tag="005">20160609152834.0</controlfield>
  <controlfield tag="008">110413t        xxu||||| |||| 00| 0 eng d</controlfield>
  <datafield tag="020" ind1=" " ind2=" ">
    <subfield code="a">2-10-002656-9</subfield>
  </datafield>
  <datafield tag="040" ind1=" " ind2=" ">
    <subfield code="a">BUAC</subfield>
    <subfield code="b">Fre</subfield>
    <subfield code="c">BUDOC</subfield>
  </datafield>
  <datafield tag="041" ind1=" " ind2=" ">
    <subfield code="a">Fre</subfield>
  </datafield>
  <datafield tag="100" ind1=" " ind2=" ">
    <subfield code="a">QUIVY, Raymond</subfield>
    <subfield code="9">16223</subfield>
  </datafield>
  <datafield tag="130" ind1=" " ind2=" ">
    <subfield code="l">FR</subfield>
    <subfield code="9">16225</subfield>
  </datafield>
  <datafield tag="245" ind1=" " ind2=" ">
    <subfield code="a">Manuel de recherche en sciences sociales</subfield>
    <subfield code="c"> /raymond Quivy, Luc Van Campenhoudt</subfield>
  </datafield>
  <datafield tag="250" ind1=" " ind2=" ">
    <subfield code="a">2e &#xE9;d. </subfield>
    <subfield code="b">enti&#xE8;rement rev. et augm.</subfield>
  </datafield>
  <datafield tag="260" ind1=" " ind2=" ">
    <subfield code="a">Paris</subfield>
    <subfield code="b">Dunod</subfield>
    <subfield code="c">1995</subfield>
  </datafield>
  <datafield tag="300" ind1=" " ind2=" ">
    <subfield code="a">xii-287 p.</subfield>
    <subfield code="c">22 cm.</subfield>
  </datafield>
  <datafield tag="440" ind1=" " ind2=" ">
    <subfield code="a">(Psycho sup</subfield>
    <subfield code="x">0080-7648)</subfield>
    <subfield code="9">16227</subfield>
  </datafield>
  <datafield tag="630" ind1=" " ind2=" ">
    <subfield code="a">SCIENCES SOCIALES</subfield>
    <subfield code="9">16234</subfield>
  </datafield>
  <datafield tag="650" ind1=" " ind2=" ">
    <subfield code="a">Recherche : sociologie</subfield>
    <subfield code="9">16231</subfield>
  </datafield>
  <datafield tag="700" ind1="1" ind2=" ">
    <subfield code="a">VAN CAMPENHOUDT, Luc</subfield>
    <subfield code="9">16233</subfield>
  </datafield>
  <datafield tag="942" ind1=" " ind2=" ">
    <subfield code="c">LIVR</subfield>
  </datafield>
  <datafield tag="999" ind1=" " ind2=" ">
    <subfield code="c">29582</subfield>
    <subfield code="d">29582</subfield>
  </datafield>
  <datafield tag="952" ind1=" " ind2=" ">
    <subfield code="0">0</subfield>
    <subfield code="1">0</subfield>
    <subfield code="4">0</subfield>
    <subfield code="7">0</subfield>
    <subfield code="a">BIDOC</subfield>
    <subfield code="b">BIDOC</subfield>
    <subfield code="d">0000-00-00</subfield>
    <subfield code="l">0</subfield>
    <subfield code="o">esr.1995.072</subfield>
    <subfield code="r">2009-02-28 00:00:00</subfield>
    <subfield code="t">1</subfield>
    <subfield code="w">2009-02-28</subfield>
    <subfield code="y">LIVR</subfield>
    <subfield code="z">A.8301</subfield>
  </datafield>
  <datafield tag="952" ind1=" " ind2=" ">
    <subfield code="0">0</subfield>
    <subfield code="1">0</subfield>
    <subfield code="4">0</subfield>
    <subfield code="7">0</subfield>
    <subfield code="a">BUAC</subfield>
    <subfield code="b">BUAC</subfield>
    <subfield code="d">0000-00-00</subfield>
    <subfield code="e">WVSC</subfield>
    <subfield code="l">0</subfield>
    <subfield code="o">303 QUI</subfield>
    <subfield code="p">11370Buc</subfield>
    <subfield code="r">2011-04-13 00:00:00</subfield>
    <subfield code="t">1</subfield>
    <subfield code="w">2011-04-13</subfield>
    <subfield code="y">LIVR</subfield>
  </datafield>
  <datafield tag="952" ind1=" " ind2=" ">
    <subfield code="0">0</subfield>
    <subfield code="1">0</subfield>
    <subfield code="4">0</subfield>
    <subfield code="7">0</subfield>
    <subfield code="a">BUAC</subfield>
    <subfield code="b">BUAC</subfield>
    <subfield code="d">0000-00-00</subfield>
    <subfield code="e">Achat</subfield>
    <subfield code="l">0</subfield>
    <subfield code="o">303 QUI</subfield>
    <subfield code="p">11573Buc</subfield>
    <subfield code="r">2011-04-13 00:00:00</subfield>
    <subfield code="t">2</subfield>
    <subfield code="w">2011-04-13</subfield>
    <subfield code="y">LIVR</subfield>
  </datafield>
  <datafield tag="952" ind1=" " ind2=" ">
    <subfield code="0">0</subfield>
    <subfield code="1">0</subfield>
    <subfield code="4">0</subfield>
    <subfield code="7">0</subfield>
    <subfield code="a">BUAC</subfield>
    <subfield code="b">BUAC</subfield>
    <subfield code="d">0000-00-00</subfield>
    <subfield code="e">CIUF</subfield>
    <subfield code="l">0</subfield>
    <subfield code="o">303 QUI</subfield>
    <subfield code="p">03-367Buc</subfield>
    <subfield code="r">2011-04-13 00:00:00</subfield>
    <subfield code="t">3</subfield>
    <subfield code="w">2011-04-13</subfield>
    <subfield code="y">LIVR</subfield>
  </datafield>
  <datafield tag="952" ind1=" " ind2=" ">
    <subfield code="0">0</subfield>
    <subfield code="1">0</subfield>
    <subfield code="4">0</subfield>
    <subfield code="7">0</subfield>
    <subfield code="a">BUAC</subfield>
    <subfield code="b">BUAC</subfield>
    <subfield code="d">0000-00-00</subfield>
    <subfield code="e">Achat</subfield>
    <subfield code="l">0</subfield>
    <subfield code="o">303 QUI</subfield>
    <subfield code="p">14935Buc</subfield>
    <subfield code="r">2011-04-14 00:00:00</subfield>
    <subfield code="t">4</subfield>
    <subfield code="w">2011-04-14</subfield>
    <subfield code="y">LIVR</subfield>
  </datafield>
  <datafield tag="952" ind1=" " ind2=" ">
    <subfield code="0">0</subfield>
    <subfield code="1">0</subfield>
    <subfield code="4">0</subfield>
    <subfield code="7">0</subfield>
    <subfield code="a">BENEAM</subfield>
    <subfield code="b">BENEAM</subfield>
    <subfield code="d">0000-00-00</subfield>
    <subfield code="e">Achat</subfield>
    <subfield code="l">0</subfield>
    <subfield code="o">30(035) QUI</subfield>
    <subfield code="r">2011-04-20 00:00:00</subfield>
    <subfield code="t">1</subfield>
    <subfield code="w">2011-04-20</subfield>
    <subfield code="y">LIVR</subfield>
  </datafield>
  <datafield tag="952" ind1=" " ind2=" ">
    <subfield code="0">0</subfield>
    <subfield code="1">0</subfield>
    <subfield code="4">0</subfield>
    <subfield code="7">0</subfield>
    <subfield code="a">BUAC</subfield>
    <subfield code="b">BUAC</subfield>
    <subfield code="d">0000-00-00</subfield>
    <subfield code="e">CIUF</subfield>
    <subfield code="l">0</subfield>
    <subfield code="o">303 QUI</subfield>
    <subfield code="p">03-366Buc</subfield>
    <subfield code="r">2011-04-20 00:00:00</subfield>
    <subfield code="t">5</subfield>
    <subfield code="w">2011-04-20</subfield>
    <subfield code="y">LIVR</subfield>
  </datafield>
</record>
